[Event "Helsingor Xtracon op"]
[Site "Helsingor"]
[Date "2019.07.27"]
[Round "9"]
[White "Tandrup, Michael"]
[Black "Rasmussen, Morten"]
[Result "0-1"]
[WhiteElo "1962"]
[BlackElo "1816"]
[PlyCount "84"]
[EventDate "2019.07.20"]
[EventType "swiss"]
[EventRounds "10"]
[EventCountry "DEN"]
[SourceTitle "CBM 191 Extra"]
[Source "ChessBase"]
[SourceDate "2019.09.30"]
[SourceVersion "1"]
[SourceVersionDate "2019.09.30"]
[SourceQuality "1"]

1. d4 f5 2. Qd3 d5 3. g4 fxg4 4. h3 Nf6 5. Bf4 c5 6. hxg4 Bxg4 7. f3 Be6 8. dxc5 Qa5+ 9. Nd2 Qxc5 10. 0-0-0 Nc6 11. Nb3 Qb4 12. Bg5 g6 13. Bxf6 exf6 14. Qe3 Kf7 15. Bh3 Re8 16. Bxe6+ Rxe6 17. Qd3 Be7 18. Qxd5 f5 19. Nd4 Nxd4 20. Qxd4 Qxd4 21. Rxd4 Bc5 22. Rd7+ Re7 23. Rxe7+ Kxe7 24. c3 h5 25. Nh3 Rd8 26. e4 fxe4 27. fxe4 Rd3 28. Kc2 Re3 29. Nf4 Kf7 30. Nd3 Bd6 31. Rf1+ Ke6 32. Nf4+ Bxf4 33. Rxf4 g5 34. Rf5 Rg3 35. Rf8 h4 36. c4 h3 37. Rh8 g4 38. Rh5 Rg2+ 39. Kc3 h2 40. Kd4 g3 41. Rh6+ Kf7 42. Ke3 Rg1 0-1

[Event "Helsingor Xtracon op"]
[Site "Helsingor"]
[Date "2019.07.26"]
[Round "8"]
[White "Rasmussen, Morten"]
[Black "Glibstrup, Jakob"]
[Result "0-1"]
[WhiteElo "1816"]
[BlackElo "1993"]
[PlyCount "106"]
[EventDate "2019.07.20"]
[EventType "swiss"]
[EventRounds "10"]
[EventCountry "DEN"]
[SourceTitle "CBM 191 Extra"]
[Source "ChessBase"]
[SourceDate "2019.09.30"]
[SourceVersion "1"]
[SourceVersionDate "2019.09.30"]
[SourceQuality "1"]

1. d4 Nf6 2. c4 g6 3. f3 Bg7 4. e4 d6 5. Nc3 0-0 6. Bg5 h6 7. Be3 e5 8. Nge2 Nc6 9. d5 Ne7 10. Qd2 Kh7 11. g4 Nfg8 12. 0-0-0 f5 13. gxf5 gxf5 14. c5 Nf6 15. Kb1 fxe4 16. fxe4 Ng4 17. cxd6 cxd6 18. Bh3 Ng6 19. Rdf1 Nxe3 20. Qxe3 Bxh3 21. Qxh3 Nf4 22. Qe3 Qh4 23. Ng3 Qh3 24. Nf5 Qxe3 25. Nxe3 Rf6 26. Nf5 Bf8 27. Rhg1 Rc8 28. Kc2 b5 29. Kd2 b4 30. Na4 Rc4 31. Re1 Nxd5 32. Kd3 Rc7 33. Rc1 Rb7 34. Rc6 Ne7 35. Nxe7 Bxe7 36. Rg2 Rf4 37. b3 d5 38. exd5 Rd4+ 39. Ke3 Bg5+ 40. Ke2 Rxd5 41. Nc5 Rd2+ 42. Kf3 Rf7+ 43. Kg3 Bh4+ 44. Kh3 Rf3+ 45. Kg4 Rxg2+ 46. Kxf3 Rxa2 47. Nd3 Ra3 48. Nxe5 Rxb3+ 49. Ke4 Rc3 50. Ra6 Rc7 51. Nc6 b3 52. Kd3 Bf2 53. Kc3 Bb6 0-1

[Event "Helsingor Xtracon op"]
[Site "Helsingor"]
[Date "2019.07.22"]
[Round "4"]
[White "Rasmussen, Morten"]
[Black "Liabotro, Ola"]
[Result "0-1"]
[WhiteElo "1816"]
[BlackElo "2081"]
[PlyCount "90"]
[EventDate "2019.07.20"]
[EventType "swiss"]
[EventRounds "10"]
[EventCountry "DEN"]
[SourceTitle "CBM 191 Extra"]
[Source "ChessBase"]
[SourceDate "2019.09.30"]
[SourceVersion "1"]
[SourceVersionDate "2019.09.30"]
[SourceQuality "1"]

1. d4 Nf6 2. c4 e6 3. g3 Bb4+ 4. Bd2 Qe7 5. Bg2 0-0 6. Nc3 d6 7. a3 Bxc3 8. Bxc3 Nbd7 9. e3 e5 10. Ne2 Re8 11. 0-0 e4 12. b4 c6 13. Qc2 d5 14. c5 b5 15. Bd2 Nf8 16. Nc3 Bg4 17. a4 a6 18. Ra3 Qe6 19. Rfa1 Rac8 20. axb5 axb5 21. Ra6 Qf5 22. f4 exf3 23. Qxf5 Bxf5 24. Bxf3 Ne6 25. Kf2 Ng5 26. Be2 Ng4+ 27. Bxg4 Bxg4 28. Ne2 Ne4+ 29. Ke1 h6 30. Nf4 g5 31. Nd3 Re6 32. Ra7 Rf6 33. Re7 Bh3 34. Raa7 Rf8 35. Rec7 Rf1+ 36. Ke2 Rh1 37. Nf2 Rxh2 38. Be1 Nxg3+ 39. Kf3 Nf5 40. Rxc6 Re8 41. Bd2 Bg2+ 42. Kg4 Bf1 43. Kf3 h5 44. Rf6 Nh4+ 45. Kg3 Rg2+ 0-1

[Event "Helsingor Xtracon op"]
[Site "Helsingor"]
[Date "2019.07.21"]
[Round "3"]
[White "Skjoldager, Mikael"]
[Black "Rasmussen, Morten"]
[Result "1/2-1/2"]
[WhiteElo "2076"]
[BlackElo "1816"]
[PlyCount "42"]
[EventDate "2019.07.20"]
[EventType "swiss"]
[EventRounds "10"]
[EventCountry "DEN"]
[SourceTitle "CBM 191 Extra"]
[Source "ChessBase"]
[SourceDate "2019.09.30"]
[SourceVersion "1"]
[SourceVersionDate "2019.09.30"]
[SourceQuality "1"]

1. e4 c5 2. Nf3 Nc6 3. d4 cxd4 4. Nxd4 e6 5. Nc3 Qc7 6. Be3 a6 7. Be2 Nf6 8. 0-0 Bb4 9. f3 0-0 10. g4 h6 11. Qe1 d5 12. Qh4 Nxd4 13. Bxd4 e5 14. Be3 d4 15. Bxh6 dxc3 16. Bxg7 Qb6+ 17. Kh1 Kxg7 18. Qg5+ Kh7 19. Qh4+ Kg7 20. Qg5+ Kh7 21. Qh4+ Kg7 1/2-1/2

[Event "Helsingor Xtracon op"]
[Site "Helsingor"]
[Date "2018.07.24"]
[Round "5"]
[White "Rasmussen, Morten"]
[Black "Fransson, Angelina"]
[Result "0-1"]
[WhiteElo "1837"]
[BlackElo "2035"]
[PlyCount "126"]
[EventDate "2018.07.21"]
[EventType "swiss"]
[EventRounds "10"]
[EventCountry "DEN"]
[SourceTitle "CBM 185 Extra"]
[Source "ChessBase"]
[SourceDate "2018.07.29"]
[SourceVersion "1"]
[SourceVersionDate "2018.07.29"]
[SourceQuality "1"]

1. d4 Nf6 2. c4 g6 3. f3 Bg7 4. e4 d6 5. Nc3 0-0 6. Be3 c5 7. Nge2 Nc6 8. d5 Ne5 9. Ng3 h5 10. Be2 h4 11. Nf1 e6 12. Bg5 h3 13. g3 exd5 14. Nxd5 Be6 15. Nxf6+ Bxf6 16. Bxf6 Qxf6 17. Ne3 Nc6 18. Qd2 Nd4 19. 0-0 Rab8 20. Nd5 Bxd5 21. cxd5 Rfe8 22. Rf2 Kg7 23. Qc3 b5 24. Rd1 Rb6 25. Bf1 Rh8 26. f4 b4 27. Qc4 Qe7 28. Qd3 Rbb8 29. Re1 Rbe8 30. Qe3 Qd7 31. Qd2 f6 32. Re3 Re7 33. Qe1 a5 34. b3 Rh5 35. Be2 Rxd5 36. Bg4 Qe8 37. Bxh3 Rh5 38. Bg4 Rh6 39. Kg2 Qh8 40. h4 Qe8 41. Rd2 Rh8 42. Bf3 Qc6 43. Qd1 Qb6 44. Rdd3 Rhe8 45. Qb1 f5 46. Rd1 Nxf3 47. Kxf3 Rxe4 48. Rxe4 fxe4+ 49. Ke2 Qc6 50. Qb2+ Kf7 51. Qd2 Ke6 52. Qc2 d5 53. Rc1 Rc8 54. Qb2 d4 55. Kf1 Qb5+ 56. Kg1 Qd3 57. Kh2 c4 58. bxc4 Rxc4 59. Rxc4 Qxc4 60. Qg2 d3 61. Qh3+ Kd6 62. Qg4 Qxa2+ 63. Kg1 Qe6 0-1

[Event "Helsingor Xtracon op"]
[Site "Helsingor"]
[Date "2017.07.30"]
[Round "10"]
[White "Moestrup, Jorn"]
[Black "Rasmussen, Morten"]
[Result "1/2-1/2"]
[WhiteElo "2034"]
[BlackElo "1838"]
[PlyCount "47"]
[EventDate "2017.07.22"]
[EventType "swiss"]
[EventRounds "10"]
[EventCountry "DEN"]
[SourceTitle "CBM 179 Extra"]
[Source "ChessBase"]
[SourceDate "2017.08.23"]
[SourceVersion "1"]
[SourceVersionDate "2017.08.23"]
[SourceQuality "1"]

1. Nf3 f5 2. d4 Nf6 3. g3 g6 4. Bg2 Bg7 5. 0-0 0-0 6. c4 d6 7. Nc3 Qe8 8. d5 a5 9. Nd4 Na6 10. b3 Bd7 11. Rb1 Nc5 12. e3 c6 13. a3 e5 14. dxe6 Nxe6 15. Re1 Qe7 16. b4 axb4 17. axb4 Nxd4 18. exd4 Qf7 19. d5 Rfe8 20. Rxe8+ Rxe8 21. Be3 Nxd5 22. cxd5 Bxc3 23. dxc6 Bxc6 24. Qxd6 1/2-1/2

[Event "Helsingor Xtracon op"]
[Site "Helsingor"]
[Date "2017.07.29"]
[Round "9"]
[White "Rasmussen, Morten"]
[Black "Warston, Hakan"]
[Result "1-0"]
[WhiteElo "1838"]
[BlackElo "1623"]
[PlyCount "53"]
[EventDate "2017.07.22"]
[EventType "swiss"]
[EventRounds "10"]
[EventCountry "DEN"]
[SourceTitle "CBM 179 Extra"]
[Source "ChessBase"]
[SourceDate "2017.08.23"]
[SourceVersion "1"]
[SourceVersionDate "2017.08.23"]
[SourceQuality "1"]

1. d4 d5 2. Nf3 Nf6 3. e3 e6 4. Bd3 Be7 5. c3 0-0 6. 0-0 Nbd7 7. Nbd2 c5 8. Qe2 b6 9. e4 dxe4 10. Nxe4 Bb7 11. Nxf6+ Nxf6 12. dxc5 Bxc5 13. Bf4 Bd6 14. Bg3 Qc7 15. Rad1 Rfd8 16. Rfe1 Bxg3 17. hxg3 Rd6 18. Nd4 a6 19. Nf3 Qc6 20. Bc4 Nd5 21. Ne5 Nxc3 22. Qf1 Qxg2+ 23. Qxg2 Rxd1 24. Qxb7 Rxe1+ 25. Kg2 Rd8 26. Qxf7+ Kh8 27. Qxe6 1-0

[Event "Helsingor Xtracon op"]
[Site "Helsingor"]
[Date "2017.07.28"]
[Round "8"]
[White "Magnusson, Magnus"]
[Black "Rasmussen, Morten"]
[Result "1-0"]
[WhiteElo "2005"]
[BlackElo "1838"]
[PlyCount "91"]
[EventDate "2017.07.22"]
[EventType "swiss"]
[EventRounds "10"]
[EventCountry "DEN"]
[SourceTitle "CBM 179 Extra"]
[Source "ChessBase"]
[SourceDate "2017.08.23"]
[SourceVersion "1"]
[SourceVersionDate "2017.08.23"]
[SourceQuality "1"]

1. e4 c5 2. Nc3 a6 3. g3 b5 4. Bg2 Bb7 5. d3 e6 6. f4 d5 7. Qe2 d4 8. e5 Nc6 9. Ne4 h5 10. Nf3 Nh6 11. h3 Be7 12. a3 Nf5 13. g4 hxg4 14. hxg4 Rxh1+ 15. Bxh1 Nh4 16. Nfg5 Qd7 17. Qh2 Ng6 18. Qh5 0-0-0 19. Nxf7 Bh4+ 20. Kd1 Qxf7 21. Nd6+ Rxd6 22. exd6 Nd8 23. Be4 Bxe4 24. dxe4 Bg3 25. Qxc5+ Kb7 26. a4 Nxf4 27. axb5 Ng2 28. bxa6+ Ka8 29. Qc8+ Ka7 30. Qc7+ Qxc7 31. dxc7 Bxc7 32. Ke2 Nc6 33. Bd2 Nf4+ 34. Bxf4 Bxf4 35. Ra4 Bd6 36. Kd3 Nb4+ 37. Kxd4 Nxc2+ 38. Kc4 Ne3+ 39. Kb5 Nxg4 40. Rd4 Bf4 41. Rd7+ Ka8 42. Rxg7 Ne3 43. b4 Bd6 44. Rd7 Bb8 45. Kc5 e5 46. b5 1-0

[Event "Helsingor Xtracon op"]
[Site "Helsingor"]
[Date "2017.07.26"]
[Round "6"]
[White "Crevatin, Leo"]
[Black "Rasmussen, Morten"]
[Result "1-0"]
[WhiteElo "2044"]
[BlackElo "1838"]
[PlyCount "43"]
[EventDate "2017.07.22"]
[EventType "swiss"]
[EventRounds "10"]
[EventCountry "DEN"]
[SourceTitle "CBM 179 Extra"]
[Source "ChessBase"]
[SourceDate "2017.08.23"]
[SourceVersion "1"]
[SourceVersionDate "2017.08.23"]
[SourceQuality "1"]

1. d4 f5 2. Bf4 Nf6 3. e3 g6 4. Nf3 Bg7 5. h3 d6 6. Bc4 e6 7. Nbd2 0-0 8. Qe2 Nc6 9. 0-0-0 Qe7 10. g4 Ne4 11. gxf5 Nxd2 12. Rxd2 Rxf5 13. Rg1 Bd7 14. c3 a6 15. Ng5 Na5 16. Bd3 Bb5 17. c4 Bxc4 18. Bxc4 Nxc4 19. Qxc4 b5 20. Qxe6+ Qxe6 21. Nxe6 Bf8 22. Nxc7 1-0

[Event "Helsingor Xtracon op"]
[Site "Helsingor"]
[Date "2017.07.23"]
[Round "2"]
[White "Gade, Jens"]
[Black "Rasmussen, Morten"]
[Result "0-1"]
[WhiteElo "1523"]
[BlackElo "1838"]
[PlyCount "92"]
[EventDate "2017.07.22"]
[EventType "swiss"]
[EventRounds "10"]
[EventCountry "DEN"]
[SourceTitle "CBM 179 Extra"]
[Source "ChessBase"]
[SourceDate "2017.08.23"]
[SourceVersion "1"]
[SourceVersionDate "2017.08.23"]
[SourceQuality "1"]

1. d4 f5 2. e3 Nf6 3. c4 g6 4. Nc3 Bg7 5. Nf3 d6 6. Be2 0-0 7. 0-0 Qe8 8. Re1 c6 9. b3 e5 10. dxe5 dxe5 11. Bb2 Qe7 12. Qc2 Na6 13. a3 Nc5 14. Rad1 Qc7 15. h3 a6 16. b4 Nce4 17. c5 Nxc3 18. Qxc3 Nd5 19. Qb3 h6 20. Nd2 Be6 21. Qc2 a5 22. Bc4 axb4 23. axb4 Rfe8 24. Qb3 Bf7 25. e4 Nf4 26. exf5 gxf5 27. Nf3 e4 28. Bxf7+ Qxf7 29. Qxf7+ Kxf7 30. Bxg7 Kxg7 31. Rd7+ Kf6 32. Nd4 Rad8 33. Rxd8 Rxd8 34. Ne2 Nxe2+ 35. Rxe2 Rd1+ 36. Kh2 Rb1 37. Kg3 Rxb4 38. Rc2 Ke5 39. f4+ Kd4 40. Kf2 Rb5 41. g4 fxg4 42. hxg4 Rxc5 43. Rxc5 Kxc5 44. g5 hxg5 45. fxg5 Kd6 46. g6 Ke6 0-1

[Event "Politiken Cup 37th"]
[Site "Helsingor"]
[Date "2015.07.30"]
[Round "7"]
[White "Zyde, Fadmal"]
[Black "Rasmussen, Morten"]
[Result "1-0"]
[WhiteElo "1667"]
[BlackElo "1879"]
[PlyCount "97"]
[EventDate "2015.07.25"]
[EventType "swiss"]
[EventRounds "10"]
[EventCountry "DEN"]
[SourceTitle "CBM 167 Extra"]
[Source "ChessBase"]
[SourceDate "2015.09.14"]
[SourceVersion "1"]
[SourceVersionDate "2015.09.14"]
[SourceQuality "1"]

1. e4 c5 2. Bc4 e6 3. Nf3 a6 4. d4 cxd4 5. Nxd4 b5 6. Bb3 Bb7 7. Qd3 Qc7 8. Be3 Nf6 9. f3 d5 10. Nd2 Bd6 11. g3 Nbd7 12. exd5 Nc5 13. Qe2 Nxb3 14. N2xb3 Nxd5 15. c3 Nxe3 16. Qxe3 Bd5 17. Nf5 Be5 18. Nfd4 0-0 19. 0-0 Bd6 20. Rad1 Rae8 21. Nc1 f5 22. f4 Be4 23. Rf2 e5 24. fxe5 Rxe5 25. Qd2 Bc5 26. Nce2 g6 27. Qf4 Qe7 28. h4 Rd8 29. Kh2 Bd5 30. Qd2 Re4 31. Rf4 Re3 32. Rf2 Ba8 33. Nf4 b4 34. Nxf5 Rxd2 35. Nxe7+ Bxe7 36. Rfxd2 Bc6 37. c4 Re4 38. Re2 Rxe2+ 39. Nxe2 Bf3 40. Rd2 Bc5 41. Nd4 Bg4 42. Nc6 Kg7 43. Rd5 Bf8 44. Ne5 Be2 45. b3 h5 46. Kg2 Kf6 47. Nd7+ Ke7 48. Nxf8 Kxf8 49. Ra5 1-0

[Event "Politiken Cup 37th"]
[Site "Helsingor"]
[Date "2015.07.25"]
[Round "1"]
[White "Johansson, Linus"]
[Black "Rasmussen, Morten"]
[Result "1-0"]
[WhiteElo "2379"]
[BlackElo "1879"]
[PlyCount "99"]
[EventDate "2015.07.25"]
[EventType "swiss"]
[EventRounds "10"]
[EventCountry "DEN"]
[SourceTitle "CBM 167 Extra"]
[Source "ChessBase"]
[SourceDate "2015.09.14"]
[SourceVersion "1"]
[SourceVersionDate "2015.09.14"]
[SourceQuality "1"]

1. d4 f5 2. g3 Nf6 3. Bg2 g6 4. Nf3 Bg7 5. 0-0 0-0 6. b3 d6 7. Bb2 c6 8. Nbd2 Qe8 9. a4 h6 10. a5 Be6 11. c4 Bf7 12. Qc2 d5 13. Ne5 Ne4 14. Nxe4 dxe4 15. f3 exf3 16. exf3 Nd7 17. f4 Nxe5 18. dxe5 Qd8 19. Rfd1 Qc7 20. Bd4 Rfd8 21. Qf2 Rac8 22. Bc5 Rxd1+ 23. Rxd1 Qxa5 24. Bxe7 Be6 25. Qd4 Bf8 26. Bxf8 Kxf8 27. Ra1 Qb4 28. Qd6+ Qxd6 29. exd6 a6 30. c5 Re8 31. Ra4 Kf7 32. Rb4 Bc8 33. Kf2 Ke6 34. Bf3 Kd7 35. Be2 Kd8 36. Bd3 Re6 37. Rd4 Bd7 38. Bc4 Rf6 39. Rd3 Kc8 40. b4 Kd8 41. Re3 Rf8 42. Re5 Rf6 43. Ke3 Kc8 44. Re7 Kd8 45. Rf7 Rxf7 46. Bxf7 Be8 47. Bxe8 Kxe8 48. Kd4 Kf8 49. Ke5 Kf7 50. h3 1-0

[Event "Politiken Cup 36th"]
[Site "Helsingor"]
[Date "2014.07.23"]
[Round "4"]
[White "Rasmussen, Morten"]
[Black "Egholm, Leif"]
[Result "1/2-1/2"]
[WhiteElo "1861"]
[BlackElo "1718"]
[PlyCount "79"]
[EventDate "2014.07.21"]
[EventType "swiss"]
[EventRounds "10"]
[EventCountry "DEN"]
[SourceTitle "CBM 161 Extra"]
[Source "ChessBase"]
[SourceDate "2014.08.29"]
[SourceVersion "1"]
[SourceVersionDate "2014.08.29"]
[SourceQuality "1"]

1. d4 Nf6 2. c4 c5 3. d5 b5 4. cxb5 a6 5. f3 axb5 6. e4 d6 7. Bxb5+ Nbd7 8. Ne2 Qa5+ 9. Nec3 g6 10. 0-0 Bg7 11. Na3 0-0 12. Be3 Qc7 13. Nc4 Ba6 14. a4 Rfb8 15. Qd2 Nb6 16. Nxb6 Qxb6 17. b4 Ne8 18. bxc5 dxc5 19. Bxa6 Qxa6 20. Rac1 c4 21. Rf2 Bxc3 22. Qxc3 Rb3 23. Qd4 Rd3 24. Qc5 Nd6 25. Bg5 f6 26. Bf4 Rc8 27. Qb4 Rb3 28. Qd2 Qxa4 29. Bxd6 exd6 30. Qd4 Kf7 31. Ra1 Ra3 32. Rff1 Ra8 33. Rxa3 Qxa3 34. Qxc4 Qa7+ 35. Kh1 Qa1 36. Qc7+ Kg8 37. Rc1 Ra7 38. Qc8+ Kg7 39. h3 Qe5 40. Rc7+ 1/2-1/2

[Event "Politiken Cup 35th"]
[Site "Helsingor"]
[Date "2013.08.04"]
[Round "10"]
[White "Rasmussen, Morten"]
[Black "Jensen, Michael Agermose"]
[Result "1/2-1/2"]
[WhiteElo "1921"]
[BlackElo "2066"]
[PlyCount "31"]
[EventDate "2013.07.27"]
[EventType "swiss"]
[EventRounds "10"]
[EventCountry "DEN"]
[SourceTitle "CBM 155 Extra"]
[Source "ChessBase"]
[SourceDate "2013.08.26"]
[SourceVersion "1"]
[SourceVersionDate "2013.08.26"]
[SourceQuality "1"]

1. d4 f5 2. Nf3 Nf6 3. g3 g6 4. c4 Bg7 5. b4 d6 6. Bb2 0-0 7. Qb3 c5 8. bxc5 dxc5 9. d5 Na6 10. Bg2 Rb8 11. Ne5 Ne4 12. 0-0 Nd6 13. a4 Nb4 14. Nd3 Bxb2 15. Nxb2 a5 16. Nd3 1/2-1/2

[Event "Politiken Cup 35th"]
[Site "Helsingor"]
[Date "2013.07.31"]
[Round "6"]
[White "Rasmussen, Morten"]
[Black "Larsen, Hans Haagen"]
[Result "1/2-1/2"]
[WhiteElo "1921"]
[BlackElo "1712"]
[PlyCount "88"]
[EventDate "2013.07.27"]
[EventType "swiss"]
[EventRounds "10"]
[EventCountry "DEN"]
[SourceTitle "CBM 155 Extra"]
[Source "ChessBase"]
[SourceDate "2013.08.26"]
[SourceVersion "1"]
[SourceVersionDate "2013.08.26"]
[SourceQuality "1"]

1. d4 d6 2. g3 g6 3. c4 Bg7 4. Bg2 Nc6 5. Nf3 e5 6. d5 Nce7 7. Nc3 f5 8. e4 Nf6 9. exf5 gxf5 10. h3 a5 11. Be3 b6 12. Qc2 0-0 13. 0-0 Nh5 14. Bd2 h6 15. Qd1 Nf6 16. Ne1 Ng6 17. Ne2 Ne4 18. Be3 Ng5 19. h4 Ne4 20. Bxe4 fxe4 21. Nc3 Nxh4 22. gxh4 Bh3 23. Ng2 Bxg2 24. Kxg2 Qxh4 25. Rh1 Qf6 26. Qg4 Qf3+ 27. Qxf3 exf3+ 28. Kf1 Rf6 29. Ne4 Rg6 30. Rg1 Kh7 31. Rxg6 Kxg6 32. Ke1 Kf5 33. Ng3+ Kg4 34. Kd2 Rh8 35. Rh1 h5 36. Kd3 Bf6 37. Ke4 h4 38. Nf1 Rf8 39. Nh2+ Kh5 40. Nxf3 Rg8 41. Kd3 Rg4 42. b3 e4+ 43. Ke2 exf3+ 44. Kxf3 Bg5 1/2-1/2

[Event "Politiken Cup 35th"]
[Site "Helsingor"]
[Date "2013.07.30"]
[Round "5"]
[White "Heimisson, Hilmir Freyr"]
[Black "Rasmussen, Morten"]
[Result "1/2-1/2"]
[WhiteElo "1690"]
[BlackElo "1921"]
[PlyCount "107"]
[EventDate "2013.07.27"]
[EventType "swiss"]
[EventRounds "10"]
[EventCountry "DEN"]
[SourceTitle "CBM 155 Extra"]
[Source "ChessBase"]
[SourceDate "2013.08.26"]
[SourceVersion "1"]
[SourceVersionDate "2013.08.26"]
[SourceQuality "1"]

1. e4 c5 2. Nc3 a6 3. a4 Nc6 4. f4 e6 5. Nf3 d6 6. Bc4 Nf6 7. Bb3 Be7 8. d3 Qd7 9. 0-0 0-0 10. Qe1 b6 11. Kh1 Na5 12. Ba2 b5 13. g4 g6 14. Qg3 b4 15. Ne2 c4 16. Bd2 Rb8 17. Rg1 Qc7 18. f5 exf5 19. gxf5 Nh5 20. Qe1 d5 21. Nh4 dxe4 22. dxe4 Bb7 23. Nd4 Qe5 24. Nhf3 Bxe4 25. Rg2 Qd5 26. Qf1 Bf6 27. Be3 Bxd4 28. Nxd4 Bxg2+ 29. Qxg2 Qxg2+ 30. Kxg2 b3 31. cxb3 cxb3 32. Bb1 Nc4 33. Bc1 Rb6 34. Bd3 Rd8 35. Bxc4 Rxd4 36. Be3 Rxc4 37. Bxb6 Rc2+ 38. Kf3 gxf5 39. Bd4 Rc4 40. Bc3 Kf8 41. a5 Nf4 42. Ra3 Nd5 43. Be5 Re4 44. Bd6+ Ke8 45. Rxb3 Kd7 46. Bg3 Ra4 47. Be1 Rf4+ 48. Kg3 Rg4+ 49. Kf3 Rf4+ 50. Ke2 Re4+ 51. Kf2 Rh4 52. Kg2 Re4 53. Kf1 Ne3+ 54. Kg1 1/2-1/2

[Event "Damhus-ch A"]
[Site "Rodovre"]
[Date "2011.10.11"]
[Round "6"]
[White "Hejberg, Carsten"]
[Black "Rasmussen, Morten"]
[Result "1-0"]
[WhiteElo "1889"]
[BlackElo "1749"]
[PlyCount "107"]
[EventDate "2011.09.06"]
[EventType "tourn"]
[EventRounds "7"]
[EventCountry "DEN"]
[SourceTitle "EXT 2023"]
[Source "ChessBase"]
[SourceDate "2022.10.05"]
[SourceVersion "1"]
[SourceVersionDate "2022.10.05"]
[SourceQuality "1"]

1. d4 d5 2. c4 Nc6 3. Nf3 Bg4 4. Nc3 e6 5. Bg5 Nf6 6. e3 Be7 7. cxd5 exd5 8. h3 Be6 9. Bd3 0-0 10. Rc1 h6 11. Bh4 a6 12. a3 Na7 13. Na4 Nb5 14. Nc5 Nd6 15. Bg3 Qc8 16. Qc2 Bf5 17. Bxf5 Nxf5 18. Be5 Nd6 19. Nd2 Nde8 20. Na4 b5 21. Nb6 cxb6 22. Qxc8 Rxc8 23. Rxc8 Nd6 24. Rc7 Nc8 25. Ke2 Bd6 26. Bxd6 Nxd6 27. Rc6 Nc4 28. Nxc4 bxc4 29. Rxb6 Ra8 30. f3 Kf8 31. Rc1 Ke7 32. b3 Nd7 33. Rb7 cxb3 34. Rxb3 Kd6 35. Rb7 f5 36. Rcc7 Rd8 37. Kd3 g6 38. Rxd7+ Rxd7 39. Rxd7+ Kxd7 40. e4 fxe4+ 41. fxe4 dxe4+ 42. Kxe4 Ke6 43. d5+ Kd6 44. Kd4 g5 45. g4 a5 46. a4 Kd7 47. Ke5 Ke7 48. d6+ Kd7 49. Kd5 Kd8 50. Ke6 Ke8 51. d7+ Kd8 52. Kd6 h5 53. gxh5 g4 54. h6 1-0

[Event "Damhus-ch A"]
[Site "Rodovre"]
[Date "2011.09.13"]
[Round "2"]
[White "Petersen, Steen Brustrup"]
[Black "Rasmussen, Morten"]
[Result "1-0"]
[WhiteElo "2070"]
[BlackElo "1749"]
[PlyCount "61"]
[EventDate "2011.09.06"]
[EventType "tourn"]
[EventRounds "7"]
[EventCountry "DEN"]
[SourceTitle "EXT 2023"]
[Source "ChessBase"]
[SourceDate "2022.10.05"]
[SourceVersion "1"]
[SourceVersionDate "2022.10.05"]
[SourceQuality "1"]

1. e4 c5 2. Nf3 e6 3. d4 cxd4 4. Nxd4 Nc6 5. Nc3 Qc7 6. Be3 a6 7. Qd2 Nf6 8. f3 Bb4 9. a3 Be7 10. g4 h6 11. Rg1 Ne5 12. h4 d6 13. g5 hxg5 14. hxg5 Nfd7 15. f4 Nc4 16. Bxc4 Qxc4 17. 0-0-0 b5 18. Rh1 Rg8 19. Nb3 Qc7 20. Bd4 Bb7 21. Rh7 e5 22. fxe5 dxe5 23. Be3 0-0-0 24. Qf2 f6 25. gxf6 Nxf6 26. Rxd8+ Bxd8 27. Rh3 Nxe4 28. Qf5+ Qd7 29. Qxd7+ Kxd7 30. Nxe4 Bxe4 31. Nc5+ 1-0

[Event "Politiken Cup 33rd"]
[Site "Helsingor"]
[Date "2011.08.01"]
[Round "4"]
[White "Rasmussen, Jonas H"]
[Black "Rasmussen, Morten"]
[Result "1/2-1/2"]
[WhiteElo "1598"]
[BlackElo "1889"]
[PlyCount "63"]
[EventDate "2011.07.30"]
[EventType "swiss"]
[EventRounds "10"]
[EventCountry "DEN"]
[SourceTitle "CBM 143 Extra"]
[Source "ChessBase"]
[SourceDate "2011.08.29"]
[SourceVersion "1"]
[SourceVersionDate "2011.08.29"]
[SourceQuality "1"]

1. d4 d5 2. Bg5 h6 3. Bh4 c6 4. Nd2 Bf5 5. Ngf3 Nf6 6. e3 e6 7. Bg3 Bd6 8. Bxd6 Qxd6 9. c4 Nbd7 10. Be2 0-0 11. 0-0 Qc7 12. cxd5 exd5 13. Nb3 Rae8 14. Bd3 Bxd3 15. Qxd3 Ne4 16. Nfd2 f5 17. Nc1 Nxd2 18. Qxd2 f4 19. Nd3 fxe3 20. fxe3 Nf6 21. Ne5 Re6 22. Nd3 Ng4 23. Rxf8+ Kxf8 24. Nf4 Re8 25. Rf1 Kg8 26. Re1 Qd6 27. h3 Nf6 28. b4 a6 29. a3 Qd7 30. Nd3 Ne4 31. Qe2 Qe7 32. Ne5 1/2-1/2

[Event "Valby K41 Aabent-ch 1011"]
[Site "Valby"]
[Date "2010.11.16"]
[Round "2"]
[White "Rasmussen, Morten"]
[Black "Krogh, Soren"]
[Result "1-0"]
[WhiteElo "1707"]
[BlackElo "1274"]
[PlyCount "79"]
[EventDate "2010.11.03"]
[EventType "swiss"]
[EventRounds "10"]
[EventCountry "DEN"]
[SourceTitle "EXT 2023"]
[Source "ChessBase"]
[SourceDate "2022.10.05"]
[SourceVersion "1"]
[SourceVersionDate "2022.10.05"]
[SourceQuality "1"]

1. d4 e6 2. c4 b6 3. Nc3 Bb7 4. Nf3 Bb4 5. Qc2 f5 6. a3 Be7 7. e4 fxe4 8. Nxe4 Nf6 9. Bd3 Nxe4 10. Bxe4 Bxe4 11. Qxe4 c6 12. h4 Na6 13. Ng5 Bxg5 14. hxg5 g6 15. Bf4 0-0 16. 0-0-0 Nc7 17. Rh6 Rf5 18. Rdh1 Rf7 19. Bd6 Ne8 20. Bf4 Qe7 21. Qe3 d5 22. Be5 Rd8 23. f4 Rd7 24. Qd3 Kf8 25. Qxg6 Qd8 26. Rxh7 Rxh7 27. Rxh7 Rxh7 28. Qxh7 Qe7 29. g6 Nf6 30. Bd6 Nxh7 31. Bxe7+ Kg7 32. gxh7 Kxh7 33. cxd5 cxd5 34. Kd2 Kg6 35. b4 Kf5 36. Ke3 Kg4 37. b5 Kf5 38. Bd6 Kg4 39. Bb8 a5 40. bxa6 1-0

[Event "Politiken Cup 32nd"]
[Site "Copenhagen"]
[Date "2010.08.08"]
[Round "10"]
[White "Rasmussen, Morten"]
[Black "Lundberg, Roland"]
[Result "0-1"]
[WhiteElo "1869"]
[BlackElo "2006"]
[PlyCount "80"]
[EventDate "2010.07.31"]
[EventType "swiss"]
[EventRounds "10"]
[EventCountry "DEN"]
[SourceTitle "CBM 137 Extra"]
[Source "ChessBase"]
[SourceDate "2010.09.01"]
[SourceVersion "1"]
[SourceVersionDate "2010.09.01"]
[SourceQuality "1"]

1. d4 d5 2. c4 c6 3. Nf3 dxc4 4. e3 Be6 5. Nc3 b5 6. Ng5 Bd7 7. d5 Na6 8. Qf3 Nf6 9. dxc6 Bg4 10. Qf4 Nb4 11. f3 a6 12. Kf2 Bh5 13. a4 Nfd5 14. Nxd5 Nxd5 15. Qf5 Bg6 16. Qd7+ Qxd7 17. cxd7+ Kxd7 18. axb5 Nb6 19. Rxa6 Rxa6 20. bxa6 Kc7 21. e4 e6 22. Be3 Be7 23. Nh3 Rd8 24. Bxc4 Na4 25. b3 Nc3 26. Bf4+ Kb6 27. Rc1 Bc5+ 28. Ke1 Bb4 29. Bd2 Rxd2 30. Kxd2 Na2+ 31. Kc2 Nxc1 32. Kxc1 e5 33. Nf2 f6 34. Nd3 Bc3 35. Kc2 Bd4 36. Nb4 f5 37. Nd5+ Ka7 38. Ne7 fxe4 39. Nc8+ Kb8 40. a7+ Bxa7 0-1